000 00587nam a22002297a 4500
003 UA-OsUOA
001 94131
007 ta
008 20130205b un ||||| |||| 00| 0 ukr d
100 _aГроссман Л.
090 _a821.161.1
_bГ88
942 _cBK
040 _aUA-OsUOA
_bukr
_cUA-OsUOA
_dUA-OsUOA
245 _aЖиття і доля
_bроман
300 _a832 с.
955 _a1
041 _aukr
080 _a821.161.1
260 _aК.
_bДніпро
_c1991
650 7 _a82 Література. Літературознавство
_2UDC
999 _c380400
_d380400